000 00984nam a2200265Ia 4500
003 OSt
005 20220918110744.0
006 a|||||r|||| 00| 0
007 ta
008 220915b |||||||| |||| 00| 0 hin d
020 _a8185268983 (hbk)
024 _a166108
037 _cReference Collections
040 _aARTS
_cARTS
_bhin
041 _2hin
_ahin
082 _aO15:gx1,1k, 152N9.1-.4 (RR)
100 _aत्रिपाटी, राधावल्लभ
_91697
245 0 _aनाट्यशास्त्रविश्वकोश
246 _aNāṭyashāstravishvakosha
260 _aदिल्ली
_bप्रतिभा प्रकाशन भारत
_c1999
300 _a1619पण्
650 _aहिन्दी साहित्य
942 _hO15:gx1,1k, 152N9.1-.4 (RR)
_cREF
999 _c114510
_d114510